| 000 | 00452nam a2200193Ia 4500 | ||
|---|---|---|---|
| 008 | 170918s9999 xx 000 0 und d | ||
| 020 | _a9780439868839 | ||
| 050 | _bM379 2008 | ||
| 100 | _aMartin, Ann M. | ||
| 245 | 4 | _aThe secret book club / | |
| 245 | _cby Ann M. Martin. | ||
| 260 | _aUSA : | ||
| 260 | _bScholastic, | ||
| 260 | _c2008 | ||
| 300 | _a212 pages : | ||
| 300 | _billustrations ; | ||
| 300 | _c19cm. | ||
| 300 | _eMain street. | ||
| 999 |
_c343437 _d343437 |
||